Central Library OPAC University of Rajshahi

বাংলার জাগরণ / (Record no. 81702)

MARC details
000 -LEADER
fixed length control field 00900nam a2200253 a 4500
001 - CONTROL NUMBER
control field 81702
003 - CONTROL NUMBER IDENTIFIER
rucl marc code BD-RjUL
005 - DATE AND TIME OF LATEST TRANSACTION
control field 20230816152004.0
008 - FIXED-LENGTH DATA ELEMENTS--GENERAL INFORMATION
fixed length control field 230816r20192011bg ||||| |||| 00| 0 ben d
020 ## - INTERNATIONAL STANDARD BOOK NUMBER
International Standard Book Number 9847012001348
035 ## - SYSTEM CONTROL NUMBER
System control number (BD-RjUL)81702
040 ## - CATALOGING SOURCE
Original cataloging agency BD-RjUL
Language of cataloging eng
Transcribing agency BD-RjUL
041 ## - LANGUAGE CODE
Language code of text/sound track or separate title ben
082 ## - DEWEY DECIMAL CLASSIFICATION NUMBER
Edition number 23
Classification number 891.444
Author mark and year ODB 2019
100 ## - MAIN ENTRY--PERSONAL NAME
Personal name ওদুদ, কাজী আবদুল
9 (RLIN) 8377
245 ## - TITLE STATEMENT
Title বাংলার জাগরণ /
Statement of responsibility, etc. কাজী আবদুল ওদুদ
260 ## - PUBLICATION, DISTRIBUTION, ETC. (IMPRINT)
Place of publication, distribution, etc. ঢাকা :
Name of publisher, distributor, etc. কথাপ্রকাশ,
Date of publication, distribution, etc. ২০১১ [মুদ্রণ ২০১৯]
300 ## - PHYSICAL DESCRIPTION
Pagination ১৯৯ পৃ.;
Size ২২ সেমি.
650 ## - SUBJECT ADDED ENTRY--TOPICAL TERM
Topical term or geographic name as entry element বাংলা সাহিত্য
General subdivision প্রবন্ধ
9 (RLIN) 681
Topical term or geographic name as entry element Bengali Literature
General subdivision Essay
9 (RLIN) 682
Topical term or geographic name as entry element বাংলা
General subdivision ইতিহাস
Topical term or geographic name as entry element Bengal
General subdivision History
942 ## - ADDED ENTRY ELEMENTS (KOHA)
Source of classification or shelving scheme Dewey Decimal Classification
Koha item type Books
Holdings
Lost status Source of classification or shelving scheme Damaged status Not for loan Collection code Permanent Location Current Location Shelving location Date acquired Source of acquisition Cost, normal purchase price Total Checkouts Full call number Date last seen Copy number Koha item type Date checked out
  Dewey Decimal Classification   Not For Loan Non-fiction Central Library, University of Rajshahi Central Library, University of Rajshahi Reading Room 19/06/2023 Rajshahi : Biddasagar 200.00   B 891.444 ODB 2019 16/08/2023 C-1 Books  
  Dewey Decimal Classification     Non-fiction Central Library, University of Rajshahi Central Library, University of Rajshahi General Stacks 19/06/2023 Rajshahi : Biddasagar 200.00 1 B 891.444 ODB 2019 14/01/2024 C-2 Books 17/12/2023